Nissan/Datsun, a history of Nissan Motor Corporation in U.S.A., 1960-1980

Đã lưu trong:
Bibliografiske detaljer
Hovedforfatter: Rae, John B.
Format: Bog
Sprog:Undetermined
Udgivet: New York McGraw-Hill 1982
Fag:
Tags: Tilføj Tag
Ingen Tags, Vær først til at tagge denne postø!
Thư viện lưu trữ: Trung tâm Học liệu Trường Đại học Cần Thơ
LEADER 00514nam a2200181Ia 4500
001 CTU_98319
008 210402s9999 xx 000 0 und d
082 |a 338.7 
082 |b R134 
100 |a Rae, John B. 
245 0 |a Nissan/Datsun, a history of Nissan Motor Corporation in U.S.A., 1960-1980 
245 0 |c John B. Rae 
260 |a New York 
260 |b McGraw-Hill 
260 |c 1982 
650 |a Nissan Motor Corporation 
904 |i Hiếu 
980 |a Trung tâm Học liệu Trường Đại học Cần Thơ